Lord of the Rings - Chapter Titles to Books - Statistics

General Stats
  • This quiz has been taken 15 times
  • The average score is 45 of 62
Answer Stats
Hint Answer % Correct
The Battle of the Pelennor Fields The Return of the King
100%
Mount Doom The Return of the King
100%
The Grey Havens The Return of the King
100%
The Bridge of Khazad-dûm The Fellowship of the Ring
91%
Minas Tirith The Return of the King
91%
The Steward and the King The Return of the King
91%
Helm's Deep The Two Towers
91%
A Long-expected Party The Fellowship of the Ring
82%
Three is Company The Fellowship of the Ring
82%
A Short Cut to Mushrooms The Fellowship of the Ring
82%
Fog on the Barrow-downs The Fellowship of the Ring
82%
At the Sign of the Prancing Pony The Fellowship of the Ring
82%
Strider The Fellowship of the Ring
82%
A Knife in the Dark The Fellowship of the Ring
82%
The Ring goes South The Fellowship of the Ring
82%
Lothlórien The Fellowship of the Ring
82%
The Mirror of Galadriel The Fellowship of the Ring
82%
The Great River The Fellowship of the Ring
82%
The Breaking of the Fellowship The Fellowship of the Ring
82%
The Pyre of Denethor The Return of the King
82%
The Houses of Healing The Return of the King
82%
The Black Gate Opens The Return of the King
82%
The Field of Cormallen The Return of the King
82%
The Riders of Rohan The Two Towers
82%
Treebeard The Two Towers
82%
The Road to Isengard The Two Towers
82%
The Voice of Saruman The Two Towers
82%
The Forbidden Pool The Two Towers
82%
The Shadow of the Past The Fellowship of the Ring
73%
The Old Forest The Fellowship of the Ring
73%
In the House of Tom Bombadil The Fellowship of the Ring
73%
The Council of Elrond The Fellowship of the Ring
73%
Farewell to Lórien The Fellowship of the Ring
73%
The Muster of Rohan The Return of the King
73%
The Siege of Gondor The Return of the King
73%
The Tower of Cirith Ungol The Return of the King
73%
Homeward Bound The Return of the King
73%
Flotsam and Jetsam The Two Towers
73%
The Palantír The Two Towers
73%
The Taming of Sméagol The Two Towers
73%
The Choices of Master Samwise The Two Towers
73%
A Conspiracy Unmasked The Fellowship of the Ring
64%
Flight to the Ford The Fellowship of the Ring
64%
Many Meetings The Fellowship of the Ring
64%
The Last Debate The Return of the King
64%
Many Partings The Return of the King
64%
The Scouring of the Shire The Return of the King
64%
The King of the Golden Hall The Two Towers
64%
The Passage of the Marshes The Two Towers
64%
The Black Gate is Closed The Two Towers
64%
Of Herbs and Stewed Rabbit The Two Towers
64%
A Journey in the Dark The Fellowship of the Ring
55%
The Passing of the Grey Company The Return of the King
55%
The Ride of the Rohirrim The Return of the King
55%
The Land of Shadow The Return of the King
55%
The Uruk-hai The Two Towers
55%
The White Rider The Two Towers
55%
The Window on the West The Two Towers
55%
Journey to the Cross-roads The Two Towers
55%
Shelob's Lair The Two Towers
55%
The Stairs of Cirith Ungol The Two Towers
45%
The Departure of Boromir The Two Towers
36%
No matching quizzes found
Score Distribution
Percent of People with Each Score
Percentile by Number Answered
Your Score History
You have not taken this quiz